000 00527nam a2200193Ia 4500
005 20250423101656.0
008 250422s9999 xx 000 0 und d
020 _a9780073401188
050 _aTD 645 .M48/
100 _aMetcalf, D.K.
245 0 _aWastewater engineering : treatment and resource recovery
250 _a5th ed.
260 _aNew York
260 _bMcGraw-Hill Education
260 _c2018
300 _a647 p
650 _aSewerage. Sewage--Purification. Sewage disposal. Water reuse.
942 _cBK
999 _c36949
_d36949